Responses for show #6481 - Monday, November 19, 2012

2012-B Teachers Tournament final game 1.

Contestants

[<< previous game]

Michael Farabaugh, a high school chemistry teacher from Charlottesville, Virginia

Colby Burnett, a high school world history teacher from Chicago, Illinois

Kate Wilson, a high school AP English teacher from Montgomery, Alabama

[next game >>]

Jeopardy! Round responses

SOLVE FOR x
IN 1867...
WHICH PART OF SPEECH?
YOU WILL BE TESTED ON THIS
TV CV
WITTY LINES
    $200 11
4

Michael
    $200 27
Austria-Hungary

Kate
    $200 1
a noun

Michael
    $200 17
the eyes

Michael
    $200 24
(Jennifer) Aniston

Michael
    $200 2
Zsa Zsa Gabor

Colby
    $400 12
11

Colby
    $400 20
(Henrik) Ibsen

Colby
    $400 3
an adjective

Kate
    $400 18
intelligence

Colby
    $400 25
(Tony) Shalhoub

Colby
    $400 7
the Three Stooges

Michael
    $600 13
5

Colby
    $600 19
(Michael: Who is Teddy Roosevelt?)

Wild Bill Hickok

Michael
Triple Stumper
    $600 4
a preposition

Kate
    $600 21
a witch

Kate
    $600 29
(Mila) Kunis

Colby
    $600 8
Groucho Marx

Michael
    $800 14
6

Kate
    $800 16
formaldehyde

Michael
    $800 5
a pronoun

Kate
    $800 22
a litmus test

Michael
    $800 28
(Jason) Bateman

Colby
    $800 9
(Steven) Wright

Colby
    $1000 15
(Michael: What is 13?)

12

ColbyMichael
    $1,000 26
Carrie Nation

Colby
    $1000 6
a conjunction

Kate
    $1000 23
(Kate: What is Lyme disease?)

Rocky Mountain spotted fever

KateMichael
    $1000 30
(Andre) Braugher

Michael
    $1000 10
Firenze

Kate

Scores at the first commercial break (after clue 15):

Kate Colby Michael
$4,600 $3,000 $400

Scores at the end of the Jeopardy! Round:

Kate Colby Michael
$4,400 $6,600 $3,800

Double Jeopardy! Round responses

HERB & SPICE HISTORY
CELEBRITY SIBLING SURNAMES
AROUND THE MEDITERRANEAN
"PRO"s & "CON"s
GEOLOGY
JOHN GREENLEAF WHITTIER LINES
    $400 20
the bay leaf

Kate
    $400 4
Marshall

Colby
    $400 6
Barcelona

Michael
    $400 3
a prototype

Colby
    $400 2
an ore

Michael
    $400 1
a thrush

Colby
    $800 21
ginger

Colby
    $800 5
Quaid

Kate
    $800 16
(Kate: What is Italy?)

Greece

KateMichael
    $800 7
connoisseur

Triple Stumper
    $800 12
granite

Michael
    $800 24
Solomon

Colby
    $1200 26
(Kate: What is pepper?)

cinnamon

Kate
Triple Stumper
    $1200 11
McEnroe

Michael
    $1200 17
(Colby: What's Monaco?)

Monte Carlo

Colby
Triple Stumper
    $1200 8
the proletariat

Kate
    $3,000 13
the Carboniferous Period

Michael
    $1200 25
the (north) wind

Kate
    $1600 27
vanilla

Kate
    $1600 22
Hough

Triple Stumper
    $1600 18
the Atlas Mountains

Michael
    $1600 9
contraband

Colby
    $1600 14
attrition

Triple Stumper
    $1600 29
(Kate: What is "flag instead"?)

"flag"

Kate
Triple Stumper
    $2000 28
(Kate: What is coriander?)
(Michael: What is turmeric?)

cumin

KateMichael
Triple Stumper
    $2000 23
Osbourne

Colby
    $3,000 19
Corsica

Michael
    $2000 10
conceit

Triple Stumper
    $2000 15
the Marcellus Shale

Triple Stumper
    $2000 30
Garrison

Kate

Scores at the end of the Double Jeopardy! Round:

Kate Colby Michael
$6,000 $11,800 $13,000

Final Jeopardy! Round responses

EUROPEAN AUTHORS
KateWho is I ?
$3,000
ColbyWho is Crichton?
$1,200
MichaelWho is J.K. Rowling?
$3,000
Stieg Larsson

Final scores:

Kate Colby Michael
$3,000 $10,600 $10,000

Game dynamics:

Coryat scores:

Kate Colby Michael
$6,000 $11,800 $10,200
14 R,
5 W
18 R
(including 1 DD),
1 W
18 R
(including 2 DDs),
3 W

Combined Coryat: $28,000

The J! Archive is created by fans, for fans. The Jeopardy! game show and all elements thereof, including but not limited to copyright and trademark thereto, are the property of Jeopardy Productions, Inc. and are protected under law. This website is not affiliated with, sponsored by, or operated by Jeopardy Productions, Inc. Join the discussion at JBoard.tv.